000 00408nam a2200169Ia 4500
008 230711s9999||||xx |||||||||||||| ||und||
020 _a978-3-8365-4282-1
041 _aENG
082 _a720
_bJO-P
100 _aJodidio,Philip
245 0 _aPIANO : complete works 1966-2014
250 _a1st Ed.
260 _c2014
_aKorea
_bTaschen Publications
300 _a648
650 _aArchitecture
942 _cBK
999 _c5685
_d5685